| 000 | 00994cam a22002898i 4500 | ||
|---|---|---|---|
| 005 | 20260629172351.0 | ||
| 008 | 241217s2025 enk bf 001 0 eng | ||
| 020 |
_a9781032777054 _q(hardback) |
||
| 020 |
_a9781032777047 _q(paperback) |
||
| 020 |
_z9781003484424 _q(ebook) |
||
| 040 |
_aKABLIB _beng _erda _cKABLIB |
||
| 082 | 0 | 0 |
_a613.94 _223 _bEVE |
| 100 | 1 |
_aEverett, Suzanne, _eauthor. _915830 |
|
| 245 | 1 | 0 |
_aHandbook of contraception and sexual health / _cSuzanne Everett. |
| 250 | _a5th ed.. | ||
| 264 | 1 |
_aAbingdon, Oxon ; _aNew York, NY : _bRoutledge, _cc2025. |
|
| 300 |
_aviii, 209 p. : _bill. ; _c22 cm. |
||
| 504 | _aIncludes bibliographical references, index. | ||
| 650 | 1 | 2 |
_aContraception _xmethods _915831 |
| 650 | 2 | 2 |
_aContraceptive Agents _915832 |
| 650 | 2 | 2 |
_aContraceptive Devices _915833 |
| 650 | 2 | 2 |
_aReproductive Health _915834 |
| 650 | 2 | 2 |
_aSexually Transmitted Diseases _915835 |
| 655 | 2 |
_aHandbook _913457 |
|
| 655 | 2 |
_aNurses Instruction _915836 |
|
| 942 |
_2ddc _cBOOK |
||
| 999 |
_c6224 _d6224 |
||